Jogos de PS4 - Statistics

Estatísticas Gerais
  • Esse quiz foi jogado 190 vezes
  • A pontuação média é 4 de 15
Estatísticas das Respostas
Letra Inicial Resposta % Correto
G GOD OF WAR
78%
T THE LAST OF US
58%
F FIFA
52%
G GTA
49%
C CALL OF DUTY
47%
S SPIDER MAN
44%
F FORTNITE
39%
M MINECRAFT
37%
AAA ASSASSIN S CREED
18%
D DESTINY
8%
T THE CREW
6%
S STAR WARS
4%
M MARVEL AVENGERS
3%
P PROJECT CARS
0%
T THE DIVISON
0%
Nenhum quiz correspondente encontrado
Distribuição das Pontuações
Porcentagem de Pessoas com Cada Pontuação
Percentil de Números Respondidos
Sua Pontuação Histórica
Você não jogou esse quiz